Rheological behavior of nanocomposites of natural rubber and carboxylated styrene butadiene rubber latices and their blends (Record no. 51590)

MARC details
000 -LEADER
fixed length control field 00500nam a2200169Ia 4500
100 ## - MAIN ENTRY--AUTHOR NAME
Personal name Stephen R
245 #0 - TITLE STATEMENT
Title Rheological behavior of nanocomposites of natural rubber and carboxylated styrene butadiene rubber latices and their blends
260 ## - PUBLICATION, DISTRIBUTION, ETC. (IMPRINT)
Name of publisher Journal of Applied Polymer Science
Year of publication 2006
300 ## - PHYSICAL DESCRIPTION
Number of Pages 2355-62
700 ## - ADDED ENTRY--PERSONAL NAME
Personal name Alex R
700 ## - ADDED ENTRY--PERSONAL NAME
Personal name Cherian T
700 ## - ADDED ENTRY--PERSONAL NAME
Personal name Joseph K
700 ## - ADDED ENTRY--PERSONAL NAME
Personal name Thomas S
700 ## - ADDED ENTRY--PERSONAL NAME
Personal name Varghese S
942 ## - ADDED ENTRY ELEMENTS (KOHA)
Koha item type Bibliography STAF
Holdings
Withdrawn status Lost status Damaged status Not for loan Home library Current library Date acquired Serial Enumeration / chronology Koha item type
      Bibliography RRII Library RRII Library 09/04/2014 Volume 101, Issue 4 Bibliography STAF